000 00651cab a22001815a 4500
001 L142644
008 080226s2008 xxk f 000 0 eng d
035 _a(Sirsi) u142644
041 0 _aeng
245 0 0 _aSoftware guide
260 _c2008
490 0 _aProject
_v20(4) February 2008, 22-23(2)
520 _aReviews four project software packages that focus on communications. Looks at Work.Together from OLM Group, Parity and Microsoft Office Sharepoint Server 2007, Asta and Asta Teamplan, and Project Server Framework from Program Framework.
590 _aKA
651 4 _aUnited Kingdom
_y
690 _aProject management
_96261
942 _n0
999 _c79888
_d79888